<?xml version="1.0" encoding="UTF-8"?>
<record
    xmlns:xsi="http://www.w3.org/2001/XMLSchema-instance"
    xsi:schemaLocation="http://www.loc.gov/MARC21/slim http://www.loc.gov/standards/marcxml/schema/MARC21slim.xsd"
    xmlns="http://www.loc.gov/MARC21/slim">

  <leader>01406nac a22001931u 4500</leader>
  <controlfield tag="008">101013s2008    xxu||||| |||| 00| 0 ara d</controlfield>
  <datafield tag="082" ind1=" " ind2=" ">
    <subfield code="a">344.02962</subfield>
    <subfield code="b">&#x642; &#x631; &#x627;</subfield>
  </datafield>
  <datafield tag="245" ind1=" " ind2=" ">
    <subfield code="a">&#x642;&#x631;&#x627;&#x631; &#x648;&#x632;&#x64A;&#x631; &#x627;&#x644;&#x645;&#x627;&#x644;&#x64A;&#x629; :</subfield>
    <subfield code="b">&#x631;&#x642;&#x645; 554 &#x644;&#x633;&#x646;&#x629; 2007: &#x628;&#x634;&#x623;&#x646; &#x627;&#x644;&#x642;&#x648;&#x627;&#x639;&#x62F; &#x627;&#x644;&#x645;&#x646;&#x641;&#x630;&#x629; &#x644;&#x642;&#x627;&#x646;&#x648;&#x646; &#x627;&#x644;&#x62A;&#x623;&#x645;&#x64A;&#x646; &#x627;&#x644;&#x627;&#x62C;&#x62A;&#x645;&#x627;&#x639;&#x649; &#x627;&#x644;&#x635;&#x627;&#x62F;&#x631; &#x628;&#x627;&#x644;&#x642;&#x627;&#x646;&#x648;&#x646; &#x631;&#x642;&#x645; 79 &#x644;&#x633;&#x646;&#x629; 1975 /</subfield>
    <subfield code="c">&#x625;&#x639;&#x62F;&#x627;&#x62F; &#x648;&#x645;&#x631;&#x627;&#x62C;&#x639;&#x629; &#x62D;&#x644;&#x645;&#x649; &#x639;&#x628;&#x62F; &#x627;&#x644;&#x639;&#x638;&#x64A;&#x645; &#x62D;&#x633;&#x646; &#x60C; &#x645;&#x62D;&#x645;&#x62F; &#x631;&#x634;&#x627;&#x62F; &#x639;&#x628;&#x62F; &#x627;&#x644;&#x648;&#x647;&#x627;&#x628;</subfield>
  </datafield>
  <datafield tag="250" ind1=" " ind2=" ">
    <subfield code="a">&#x637; 2.</subfield>
  </datafield>
  <datafield tag="260" ind1=" " ind2=" ">
    <subfield code="b">&#x627;&#x644;&#x642;&#x627;&#x647;&#x631;&#x629; :</subfield>
    <subfield code="c">&#x627;&#x644;&#x647;&#x64A;&#x626;&#x629; &#x627;&#x644;&#x639;&#x627;&#x645;&#x629; &#x644;&#x634;&#x626;&#x648;&#x646; &#x627;&#x644;&#x645;&#x637;&#x627;&#x628;&#x639; &#x627;&#x644;&#x623;&#x645;&#x64A;&#x631;&#x64A;&#x629; &#x60C;2008</subfield>
    <subfield code="a">2008.</subfield>
  </datafield>
  <datafield tag="300" ind1=" " ind2=" ">
    <subfield code="a">274 &#x635; &#x61B;</subfield>
    <subfield code="c">32 &#x633;&#x645;.</subfield>
  </datafield>
  <datafield tag="650" ind1=" " ind2=" ">
    <subfield code="a">&#x627;&#x644;&#x62A;&#x623;&#x645;&#x64A;&#x646; &#x627;&#x644;&#x627;&#x62C;&#x62A;&#x645;&#x627;&#x639;&#x64A;</subfield>
    <subfield code="x">&#x642;&#x648;&#x627;&#x646;&#x64A;&#x646; &#x648;&#x62A;&#x634;&#x631;&#x64A;&#x639;&#x627;&#x62A;</subfield>
    <subfield code="9">20366</subfield>
    <subfield code="z">&#x645;&#x635;&#x631;</subfield>
  </datafield>
  <datafield tag="700" ind1=" " ind2=" ">
    <subfield code="a">&#x62D;&#x633;&#x646; &#x60C; &#x62D;&#x644;&#x645;&#x649; &#x639;&#x628;&#x62F; &#x627;&#x644;&#x639;&#x638;&#x64A;&#x645;</subfield>
    <subfield code="9">20367</subfield>
    <subfield code="e">&#x625;&#x639;&#x62F;&#x627;&#x62F; &#x648;&#x645;&#x631;&#x627;&#x62C;&#x639;&#x629;</subfield>
  </datafield>
  <datafield tag="700" ind1=" " ind2=" ">
    <subfield code="a">&#x639;&#x628;&#x62F; &#x627;&#x644;&#x648;&#x647;&#x627;&#x628; &#x60C; &#x645;&#x62D;&#x645;&#x62F; &#x631;&#x634;&#x627;&#x62F;</subfield>
    <subfield code="9">20368</subfield>
    <subfield code="e">&#x625;&#x639;&#x62F;&#x627;&#x62F; &#x648;&#x645;&#x631;&#x627;&#x62C;&#x639;&#x629;</subfield>
  </datafield>
  <datafield tag="710" ind1=" " ind2=" ">
    <subfield code="a">Al Hayaa Al Ama Le Sheoon Al Matabea Al Amereya</subfield>
    <subfield code="9">20369</subfield>
  </datafield>
  <datafield tag="942" ind1=" " ind2=" ">
    <subfield code="c">BB</subfield>
    <subfield code="k">344.02962 &#x642; &#x631; &#x627;</subfield>
    <subfield code="2">ddc</subfield>
  </datafield>
  <datafield tag="999" ind1=" " ind2=" ">
    <subfield code="c">9241</subfield>
    <subfield code="d">9241</subfield>
  </datafield>
  <datafield tag="952" ind1=" " ind2=" ">
    <subfield code="0">0</subfield>
    <subfield code="1">0</subfield>
    <subfield code="2">ddc</subfield>
    <subfield code="4">0</subfield>
    <subfield code="7">0</subfield>
    <subfield code="8"> </subfield>
    <subfield code="a">MAIN</subfield>
    <subfield code="b">MAIN</subfield>
    <subfield code="c">1ST</subfield>
    <subfield code="d">2011-01-12</subfield>
    <subfield code="e">purchase</subfield>
    <subfield code="o">344.02962 &#x642; &#x631; &#x627;</subfield>
    <subfield code="p">000011187</subfield>
    <subfield code="r">2025-07-15 00:00:00</subfield>
    <subfield code="v">30.00</subfield>
    <subfield code="y">BB</subfield>
  </datafield>
  <datafield tag="952" ind1=" " ind2=" ">
    <subfield code="0">0</subfield>
    <subfield code="1">0</subfield>
    <subfield code="2">ddc</subfield>
    <subfield code="4">0</subfield>
    <subfield code="7">0</subfield>
    <subfield code="8"> </subfield>
    <subfield code="a">MAIN</subfield>
    <subfield code="b">MAIN</subfield>
    <subfield code="c">1ST</subfield>
    <subfield code="d">2011-01-12</subfield>
    <subfield code="e">purchase</subfield>
    <subfield code="o">344.02962 &#x642; &#x631; &#x627;</subfield>
    <subfield code="p">000011188</subfield>
    <subfield code="r">2025-07-15 00:00:00</subfield>
    <subfield code="v">30.00</subfield>
    <subfield code="y">BB</subfield>
  </datafield>
</record>
